000 00338nam a2200133Ia 4500
008 220216s9999 xx 000 0 und d
100 _aHajra N G
245 0 _aStudies on the effect of chemical mutagens in rubber
260 _bPhytobreedon
_c1986
300 _a1985-1991
700 _aPotty S N
700 _aSethuraj M R
942 _cJS
999 _c69687
_d69687